000 00308 a2200145 4500
001 194928
040 _cMagnum
100 _aNunes, Lygia Bojunga
240 1 0 _aA bolsa amarela
_lpor
245 1 0 _aA bolsa amarela
300 _a107
362 0 _a1993
697 _aLITERATURA INFANTO-JUVENIL
942 _cBK
999 _c194928
_d194928